000 00821nam a2200205Ii 4500
003 JO-AjNU
008 230605s9999||||xx |||||||||||||| ||und||
017 _a1982/2817
040 _aJO-AjNU
_bara
_erda
_cJO-AjNU
041 _aara
050 1 4 _aBR123.A27 1982
100 3 _aأبو زهرة، محمد,
_eauthor
_935495
245 0 0 _aمحاضرات في النصرانية تبحث في الأدوار التي مرت عليها عقائد النصارى وفي كتبهم وفي مجامعهم المقدسة وفرقهم
264 3 1 _aالقاهرة: دار الفكر العربي، 1982
300 _a196ص
336 _atext
_btxt
_2rdacontent
337 _aunmediated
_bn
_2rdamedia
338 _avolume
_bnc
_2rdacarrier
650 4 _aالاسلام والمسيحية- الديانات المقارنة
_935496
999 _aA14661
_c18229
_d18229